00329nam a2200121 a 4500008004100000050001500041100001600056245005800072250001200130260003900142300001700181350000900198120416s1991 ||||||||||||||||| || u aTA 710 Ver aVerma, B. P10aProblems in soil mechanics and foundation engineering a9th ed. aNew DelhibKhanna Publishersc1991 a282p. : ill. a0.00